Euroopalikust meditsiinist Tartus keskajast 17. sajandi keskpaigani

Titel: Euroopalikust meditsiinist Tartus keskajast 17. sajandi keskpaigani
Verfasser:
In: Õpetatud Eesti Selts: Õpetatud Eesti Seltsi aastaraamat, (2012), Seite 33-56
alle Artikel anzeigen
Veröffentlicht: 2012 [2013]
Format: Aufsatz
Sprache: Estnisch
Kein Bild verfügbar
X
alg: 39282411
001A    $01999:11-11-16 
001B    $01999:22-05-21 $t21:49:19.000 
001C    $06050:19-11-16 $t09:18:46.000 
001D    $01999:11-11-16 
001U    $0utf8 
001X    $00 
002@    $0Aox 
003@    $0392824116 
007A    $0392824116 $aHEB 
007T    $0Herdc0108831m 
010@    $aest 
011@    $a2012 $n2012 [2013] 
021A    $aEuroopalikust meditsiinist Tartus keskajast 17. sajandi keskpaigani 
028A    $aRein $dKaarina 
031A    $h33-56 $j2012 
037A    $aengl. Res. 54-56: European medicine in Tartu from the Middle Ages to the Middle of the 17th Century 
039B    $aIn $8--Abvc--Õpetatud Eesti Selts [Tb1]. Õpetatud Eesti Seltsi aastaraamat. - Tartu : Mattiesen, 1938-. - ISSN 1406-8486 $x201200000000000967 $9047885599 
045F    $a307.094798 $eDDC23BSB 
045F/01 $a307.09 
045F/03 $g4798 
045T    $a7,53 $a9,10 

lok: 39282411 78

exp: 39282411 78 1 #EPN
201B/01 $017-09-18 $t22:44:21.000 
201U/01 $0utf8 
203@/01 $0788934325 
208@/01 $a11-11-16 $be 
209A/01 $a/ $f000 $x00 
220C/01 $aTitelaufnehmer: kk 
220C/01 $aHerkunft: HI Marburg 
244Z/01 $2Trx $#Estija $#Igaunija $#Estland $#Estonia $#Estonia $#Estónsko $#Estonsko $8--Trx--Eesti $x01 $9391237225 
244Z/01 $#Tartu $#Dorpat $#Dorpat Tartu $#Derpt $#Tartu, Töörahva Saadikute Nõukogu $#TSN $#Tartu, Sovet Trudjašcichsja Deputatov $#Tartu Linna TSN Täitevkomitee $#Töörahva Saadikute Nõukogu Tartu $#Sovet Trudjašcichsja Deputatov Tartu $71029285-8 $8--Tg1--Tartu $x02 $9042051304 
244Z/01 $aGeschichte 1250-1650 $x03 
244Z/01 $2Trx $8--Trx--Raicus, Johannes $x04 $9391133179 
244Z/01 $2Trx $#Belovius, Johannes $#Johann  $#Balau $8--Trx--Below, Johann$Z1601-1668 $x05 $9391133209 
244Z/01 $2Trx $8--Trx--Wirdig, Sebastian$Z1613-1687 $x06 $9391133217 
244Z/01 $2Trx $#meditsiin teadus $#medicina mokslas $#medicin $#orvostudomány $#medycyna nauka $#lekárstvo veda $#lékařství věda $8--Trx--Medizin$gWissenschaft $x07 $9391373633 
244Z/01 $2Trx $#ülikoolid $#universitetai $#universitāte $#Universities $#egyetemek $#uniwersytety $#univerzity $#univerzity $#Hochschulen $#vysoké školy $8--Trx--Universitäten $x08 $9391373862 
244Z/01 $2Trx $#professorid $#dėstytojai $#professors $#professzor $#nauczyciele akademiccy $#učitelia vysokoškolskí $#učitelé vysokoškolští $#Professoren $#profesori $#profesoři $8--Trx--Hochschullehrer $x09 $9391380370 
244Z/01 $2Trx $#tervishoid $#sveikatos apsauga $#health services $#egészségügy $#zdrowie i służba zdrowia $#zdravotníctvo $#zdravotnictví $#Rotes Kreuz $#Czerwony Krzyż $#służba zdrowia $#Červený kríž $#Červený kříž $8--Trx--Gesundheitswesen $x10 $9391381342 
244Z/01 $2Trx $8--Trx--Zeitschriftenaufsatz $x11 $9391384341 
245Z/01 $a13.03 $x01 
245Z/01 $a11.05 $x02 
247C/01 $82080>Marburg/Lahn, Herder-Institut, Forschungsbibliothek, Bibliographieportal $9336309341
LEADER 00000caa a22000002c 4500
001 392824116
003 DE-603
005 20210522214919.0
007 tu
008 161111s2012 xx |||| | u00||u|est c
035 |a (DE-599)HEB392824116 
040 |a DE-603  |b ger  |c DE-603  |d DE-603 
041 |a est 
082 0 4 |8 1\u  |a 307.094798  |q DE-101  |2 23/BSB 
084 |a 7,53  |a 9,10  |2 ssgn 
085 |8 1\u  |b 307.09 
085 |8 1\u  |z 2  |s 4798 
100 1 |a Rein, Kaarina 
245 0 0 |a Euroopalikust meditsiinist Tartus keskajast 17. sajandi keskpaigani 
264 0 |c 2012 [2013] 
500 |a engl. Res. 54-56: European medicine in Tartu from the Middle Ages to the Middle of the 17th Century 
773 0 8 |i In  |a Õpetatud Eesti Selts  |t Õpetatud Eesti Seltsi aastaraamat  |d Tartu : Mattiesen, 1938-  |x 1406-8486  |g (2012), Seite 33-56  |w (DE-603)047885599  |w (DE-600)570191-0 
924 0 |9 2080  |a (DE-603)788934325  |b DE-2080  |c HES  |d d  |g /